000
00324nam a2200145Ia 4500
008
100122s9999 xx 000 0 und d
082
_b
51814
_a
1
100
_a
DEAN
245
_a
ACTIVITY BOOK
260
_b
DEAN & SON LTD
_c
1990
300
_a
125
630
_a
ACTIVITY BOOK
730
_a
ACTIVITY BOOK
942
_c
BOOK
999
_c
375827
_d
375824